| 000 | 00677nam a22002051 4500 | ||
|---|---|---|---|
| 003 | OSt | ||
| 005 | 20141220104604.0 | ||
| 008 | 900725s1971 sp spa | ||
| 040 | _cBMC | ||
| 082 | _a863 | ||
| 100 | 1 |
_aCervantes Saavedra, Miguel de _d1547-1616 _926819 |
|
| 245 | 1 | 3 |
_aEl licenciado Vidriera y otras novelas ejemplares _cMiguel de Cervantes ; edición y notas de Inmaculada Ferrer; prólogo de Luis Rosales |
| 260 |
_aNavarra _bSalvat _c1971 |
||
| 300 |
_a189 p. _c18 cm |
||
| 490 | 0 |
_aBiblioteca básica Salvat _v8 |
|
| 650 | 2 | 4 |
_929289 _aNovela española |
| 700 | 1 |
_aFerrer, Inmaculada _929363 |
|
| 700 | 1 |
_aRosales, Luis _d1910-1992 _928331 |
|
| 942 |
_2ddc _cBK |
||
| 999 |
_c16485 _d16485 |
||